000 00507nam a2200193Ia 4500
003 GCL
008 140319s9999 xx 000 0 eng d
040 _aGCL /
_cGCL
082 0 4 _a372.5
_bH E
100 1 _aHERBERHOLZ, BARBARA
245 1 0 _aEARLY CHILDHOOD ARTS /
_cHERBERHOLZ, BARBARA
700 1 _aHANSON, LEE
260 _a[S.N] :
_bW.C.B BROWN & BECHMARK ،
_c1995
300 _a321 P
650 0 4 _aART IN EDUCATION
650 0 4 _aEARLY CHILDHOOD
650 0 4 _aEDUCATION - ARTS
942 _2ddc
_cBK
999 _c14899
_d14899